000 00547nam a2200205Ia 4500
003 GCL
008 140319s9999 xx 000 0 eng d
040 _aGCL /
_cGCL
082 0 4 _aCC
_b932.071
_bP S
100 1 _aRAMBOVA, N
245 1 0 _aTHE SHRINES OF TUT. ANKH. AMON /
_cRAMBOVA, N
700 1 _aPIANKOFF, ALEXANDRE
260 _a[S.N] :
_bHARPER AND ROW ،
_c1962
300 _a143 P
650 0 4 _aTUTANCHAMON
650 0 4 _aANCIENT EGYPT - HISTORY
650 0 4 _aEIGHTEENTH DYNASTY
650 0 4 _aEGYPT - CIVILIZATION
942 _2ddc
_cBK
999 _c19636
_d19636